00925 a2200169 4500020001500000082001800015245034600033260005100379300003400430650002000464650003300484650002500517650002000542999001500562952009700577952008100674 a9054106964 a624.15136 BLI aMechanics of residual soils :ba guide to the formation, classification and geotechnical properties of residual soils, with advice for geotechnical design /cedited by G.E. Blight ; prepared by Technical Committee 25 on the Properties of Tropical and Residual Soils of the International Society for Soil Mechanics and Foundation Engineering. aRotterdam ;aBrookfield, VT :bBalkema,c1997. avii, 237 p. :bill. ;c26 cm. aSoil mechanics. aResidual materials (Geology) aEngineering geology. aSoilszTropics. c1040d1040 00104070aNITbNITcCEd0000-00-00l0o624.15136 BLIpNIT-495 r2017-01-05w2017-01-05yBK 00104070aNITbNITcCEd0000-00-00l0pNIT-527r2017-01-05w2017-01-05yBK